Statistics for Skillet Songs

Click here to take the quiz!

General Stats

  • This quiz has been taken 488 times
  • The average score is 6 of 9

Answer Stats

HintAnswer% Correct
i need a hero to save me now, i need a hero (save me now)Hero
97%
its hiding in the dark, its teeth are razor sharp, theres no escape from me, it wants my soul, it wants my heartMonster
94%
im at war with the world and they, try to pull me into the dark, i struggle to find my faith, as im slipping into the darkAwake and Alive
72%
no, you'll never be alone, when darkness comes, I'll light the night with starsWhispers In the Dark
71%
rebirthing now, i wanna live for love, i wanna live for you and (breathe for the first time now, i come alive somehowRebirthing
69%
i hate feeling like this, im so tired of trying to fight this, im asleep and all i dream of, is waking to youComatose
68%
falling in the black, slipping through the cracks, falling to the depths can i ever go backFalling Inside the Black
52%
lets get the story straight, you are a poison, you flooded through my veins, you left me brokenIts Not Me Its You
40%
Death until the dust, and were waiting, ruined in the rust, of our craving, it feels like, it feels likeLive Free or Let Me Die
15%

Score Distribution

Percentile by Number Answered

Percent of People with Each Score

Your Score History

You have not taken this quiz